[Event "Dundee & Angus Minor"]
[Site "Dundee"]
[Date "2016.10.07"]
[Round "1"]
[White "Freel, Lawrence"]
[Black "Robinson, Jeffrey"]
[Result "1-0"]
[WhiteElo "1333"]
[BlackElo "1053"]
[PlyCount "71"]
[EventDate "2016.10.07"]
[EventType "swiss"]
[EventRounds "5"]
[EventCountry "SCO"]
[SourceTitle "EXT 2023"]
[Source "ChessBase"]
[SourceDate "2022.10.05"]
[SourceVersion "1"]
[SourceVersionDate "2022.10.05"]
[SourceQuality "1"]

1. c4 Nf6 2. Nc3 c6 3. d4 e6 4. e4 Bb4 5. e5 Ne4 6. Qd3 d5 7. a3 Qa5 8. Nge2 Be7 9. b4 Bxb4 10. Bb2 Be7 11. h4 0-0 12. f3 Nxc3 13. Bxc3 Qa6 14. Nf4 b6 15. Bd2 Bd7 16. Nh3 Bxh4+ 17. Nf2 Bxf2+ 18. Kxf2 g6 19. Qe3 h5 20. g4 f5 21. gxh5 Qc8 22. hxg6 f4 23. Qd3 Rf5 24. Bxf4 Qe8 25. Be2 Rxf4 26. g7 Rf5 27. Rh8+ Kxg7 28. Rxe8 Bxe8 29. Rg1+ Bg6 30. Qe3 Nd7 31. Bd3 Raf8 32. Bxf5 exf5 33. Qg5 Kf7 34. Qxg6+ Ke7 35. Qd6+ Kd8 36. Rg7 1-0